000 00590nam a22001937a 4500
999 _c6906
_d6906
003 OSt
005 20210507121852.0
008 210507b ||||| |||| 00| 0 eng d
020 _a0198283172
040 _cDDC
082 _a330.0155
_bHEN 1995
100 _aHendry, David F.
_914166
245 _aDynamic econometrics /
_c David F. Hendry.
260 _a New York :
_bOxford University Press,
_c1995.
300 _a xxxiv, 869 p. :
_b ill. ;
_c24 cm.
504 _aIncludes bibliographical references (p. 819-845) and indexes.
690 _aEconometric models.
_914167
942 _2z
_cBOOK